000 00677nam a22001697a 4500
999 _c61910
_d61910
003 Ge_BSU
005 20240607110855.0
008 240607s2006 ge ||||| |||| 00| 0 geo d
041 _ageo
080 _a616.379-008.64 კ-38
100 _aკეზელი, დ.
_922351
245 _aდიაბეტური ნეიროპათია :
_b(პათოგენეზი, დიაგნოსტიკა, მკურნალობა) /
_cდ. კეზელი.
264 _a[თბ.],
_c2006.
300 _a52 გვ. :
_bილ. ;
_c20 სმ.
651 _aდიაბეტური ნეიროპათია
_922352
942 _2udc
_cᲬᲘᲒᲜᲘ